| 000 | 00981nab a22002297a 4500 | ||
|---|---|---|---|
| 999 |
_c6517 _d6517 |
||
| 003 | OSt | ||
| 005 | 20260219090208.0 | ||
| 008 | 190429b xxu||||| |||| 00| 0 spa d | ||
| 040 | _cPJ | ||
| 100 |
_97122 _aCodon, Valeria Daiana |
||
| 245 | 1 | 3 |
_aLa extinción de la acción penal por reparación integral (art. 59 inc. 6 del Código Penal de la Nación) en el delito de robo / _cValeria Daiana Codon. |
| 260 |
_cCiudad Autónoma de Buenos Aires : _aThomson Reuters La Ley, _b2024. |
||
| 300 | _ap. 128-138 | ||
| 500 | _aCita: TR LALEY AR/DOC/1406/2024 | ||
| 505 | _tSi te interesa el texto completo, solicitalo a koha@justierradelfuego.gov.ar | ||
| 650 | 0 |
_9343 _aDERECHO PENAL |
|
| 650 | 0 |
_94057 _aEXTINCION DE LA ACCION PENAL |
|
| 650 | 0 |
_94077 _aREPARACION INTEGRAL |
|
| 650 | 0 |
_93183 _aROBO |
|
| 773 | 0 |
_02658 _93164 _tRevista de derecho penal y criminología. Nº 7 - Julio 2024 _dCiudad Autónoma de Buenos Aires : Thomson Reuters La Ley, 2017- _x00347914 |
|
| 942 |
_2udc _cANA |
||